Vista normal Vista MARC

Entrada Topical Term

Número de registros utilizados en: 2

001 - CONTROL NUMBER

  • control field: 7171

003 - CONTROL NUMBER IDENTIFIER

  • control field: OSt

005 - DATE AND TIME OF LATEST TRANSACTION

  • control field: 20200713215537.0

008 - FIXED-LENGTH DATA ELEMENTS

  • fixed length control field: 200713|| aca||aabn | a|a d

040 ## - CATALOGING SOURCE

  • Original cataloging agency: OSt
  • Transcribing agency: OSt

150 ## - HEADING--TOPICAL TERM

  • Topical term or geographic name entry element: Novela colombina

670 ## - SOURCE DATA FOUND

  • Source citation: Work cat.: (OSt)3279: Isaacs, Jorge, 1837-1895 autor 7170, María / , 2013